The environmental legal management to prevent transboundary atmospheric pollution in the ASEAN region and Malaysia /
Saved in:
| Main Author: | |
|---|---|
| Format: | Thesis Book |
| Language: | English |
| Published: |
2010.
|
| Subjects: | |
| Tags: |
Add Tag
No Tags, Be the first to tag this record!
|
| LEADER | 01288cam a2200289 a 4500 | ||
|---|---|---|---|
| 001 | u796101 | ||
| 003 | SIRSI | ||
| 005 | 201008181544 | ||
| 008 | 100818s2010 my m 000 0 eng m | ||
| 040 | |a UMU | ||
| 043 | |a a------ |a a-my--- | ||
| 092 | |a K668 |b Hank | ||
| 100 | 0 | |a Hanim Kamaruddin | |
| 245 | 1 | 4 | |a The environmental legal management to prevent transboundary atmospheric pollution in the ASEAN region and Malaysia / |c Hanim Kamaruddin. |
| 260 | |c 2010. | ||
| 300 | |a xxvii, 376 leaves ; |c 30 cm. | ||
| 502 | |a Thesis (Ph.D) -- Fakulti Undang-Undang, Universiti Malaya, 2010. | ||
| 504 | |a Bibliography: leaves 346-376. | ||
| 650 | 0 | |a Environmental policy |z Asia, Southeastern |x International cooperation | |
| 650 | 0 | |a Environmental policy |z Malaysia |x International cooperation | |
| 650 | 0 | |a Air |x Pollution |z Asia, Southeastern | |
| 650 | 0 | |a Air |x Pollution |z Malaysia | |
| 710 | 2 | |a Universiti Malaya. |b Fakulti Undang-Undang. | |
| 596 | |a 4 | ||
| 999 | |a K668 HANK |w LACLL |c 1 |i A514384193 |d 19/8/2010 |f 19/8/2010 |g 1 |l RESTRICTED |m P04UNDANG |r Y |s Y |t TESIS |u 19/8/2010 | ||
| 999 | |a K668 HANK |w LACLL |c 2 |i A514384220 |d 19/8/2010 |f 19/8/2010 |g 1 |l RESTRICTED |m P04UNDANG |r Y |s Y |t TESIS |u 19/8/2010 | ||
| 999 | |a K668 HANK |w LACLL |c 3 |i A514384600 |d 19/8/2010 |f 19/8/2010 |g 1 |l K-ARKIB |m P04UNDANG |r Y |s Y |t TESIS |u 19/8/2010 | ||
